000 00732nam a2200205Ia 4500
003 IN-BaIIA
008 211028s9999 xx 000 0 eng d
020 _a0-902553-30-5
040 _cIIA Library
080 _a524.3-52(082.2)
_bSTA
111 _aWorkshop on Star formation
_cEdinburgh
_d1983 Oct. 4-6
_913864
245 0 _aStar formation Workshop
_bproceedings of the Workshop on Star formation held in Edinburgh, 4-6 October 1983 
_cedited by R. D. Wolstencroft
260 _aEdinburgh
_bRoyal Observatory
_c1984
300 _a[various pagings.]
650 _aAstronomy and Astrophysics thesaurus
650 _aStar formation
650 _aStellar Evolution
700 _aWolstencroft, R. D., ed.
_913444
942 _cBK
999 _c8264
_d8264